Struggle and Hope : (Record no. 617631)

MARC details
000 -LEADER
fixed length control field 00508nam a2200193 a 4500
008 - FIXED-LENGTH DATA ELEMENTS--GENERAL INFORMATION
fixed length control field 260311s1997##################000#0#eng##
020 ## - INTERNATIONAL STANDARD BOOK NUMBER
ISBN 9781858986067
082 04 - DEWEY DECIMAL CLASSIFICATION NUMBER
Classification number 338.9439
Item number KOR
100 1# - MAIN ENTRY--AUTHOR NAME
Personal name Kornai, János,
245 10 - TITLE STATEMENT
Title Struggle and Hope :
260 ## - PUBLICATION, DISTRIBUTION, ETC. (IMPRINT)
Name of publisher Edward Elgar Publishing,
Year of publication 1997.
300 ## - PHYSICAL DESCRIPTION
Number of Pages 312 pages
650 #0 - SUBJECT ADDED ENTRY--TOPICAL TERM
Topical Term Business & Economics.
942 ## - ADDED ENTRY ELEMENTS (KOHA)
Koha item type English Books
Holdings
Withdrawn status Lost status Damaged status Not for loan Home library Current library Shelving location Date acquired Full call number Accession Number Price effective from Koha item type
        Anna Centenary Library Anna Centenary Library 4TH FLOOR, A WING 11.03.2026 338.9439 KOR 344384 11.03.2026 English Books

Find us on the map